Global Energy Assessment (GEA) / (Record no. 5169)

MARC details
000 -LEADER
fixed length control field 02529cam a2200325 4500
001 - CONTROL NUMBER
control field 6122
010 ## - LIBRARY OF CONGRESS CONTROL NUMBER
LC control number 2012015667
020 ## - INTERNATIONAL STANDARD BOOK NUMBER
International Standard Book Number 9780521182935 (paperback)
International Standard Book Number 9781107005198 (hardback)
100 ## - MAIN ENTRY--PERSONAL NAME
Personal name Johansson, Thomas B.
Numeration
Titles and words associated with a name
Dates associated with a name
Relator term
Fuller form of name
245 00 - TITLE STATEMENT
Title Global Energy Assessment (GEA) /
Statement of responsibility, etc. editors, Thomas B. Johansson, Co-chair; Anand Patwardhan, Co-chair; Nebojsa Nakicenovic, Director; Luis Gomez-Echeverri, Associate Director.
260 ## - PUBLICATION, DISTRIBUTION, ETC.
Place of publication, distribution, etc. Cambridge :
Name of publisher, distributor, etc. Cambridge University Press ;
Place of publication, distribution, etc. Laxenburg, Austria :
Name of publisher, distributor, etc. International Institute for Applied Systems Analysis,
Date of publication, distribution, etc. 2012.
300 ## - PHYSICAL DESCRIPTION
Extent xviii, 1865 pages :
Other physical details illustrations (some color) ;
Dimensions 29 cm
336 ## - CONTENT TYPE
Content type term text
Source rdacontent
337 ## - MEDIA TYPE
Media type term unmediated
Source rdamedia
338 ## - CARRIER TYPE
Carrier type term volume
Source rdacarrier
504 ## - BIBLIOGRAPHY, ETC. NOTE
Bibliography, etc. note Includes bibliographical references and index.
520 ## - SUMMARY, ETC.
Summary, etc. ""The Global Energy Assessment (GEA) brings together over 300 international researchers to provide an independent, scientifically based, integrated and policy-relevant analysis of current and emerging energy issues and options. It has been peer-reviewed anonymously by an additional 200 international experts. The GEA assesses the major global challenges for sustainable development and their linkages to energy; the technologies and resources available for providing energy services; future energy systems that address the major challenges; and the policies and other measures that are needed to realize transformational change toward sustainable energy futures. The GEA goes beyond existing studies on energy issues by presenting a comprehensive and integrated analysis of energy challenges, opportunities and strategies, for developing, industrialized and emerging economies. This volume is an invaluable resource for energy specialists and technologists in all sectors (academia, industry and government) as well as policymakers, development economists and practitioners in international organizations and national governments""--
Assigning source Provided by publisher.
650 #0 - SUBJECT ADDED ENTRY--TOPICAL TERM
Topical term or geographic name entry element Energy development.
Topical term or geographic name entry element Energy policy.
Topical term or geographic name entry element Energy security.
Topical term or geographic name entry element Power resources.
Topical term or geographic name entry element POLITICAL SCIENCE / Public Policy / Environmental Policy.
Source of heading or term
700 1# - ADDED ENTRY--PERSONAL NAME
Personal name Gomez-Echeverri, Luis.
Personal name Johansson, Thomas B.,
Dates associated with a name 1943-
Personal name Nakicenovic, Nebojsa.
Personal name Patwardhan, Anand
Fuller form of name (Anand Prabhakar)
710 2# - ADDED ENTRY--CORPORATE NAME
Corporate name or jurisdiction name as entry element International Institute for Applied Systems Analysis.
856 42 - ELECTRONIC LOCATION AND ACCESS
Materials specified Cover image
Uniform Resource Identifier <a href="http://assets.cambridge.org/97811070/05198/cover/9781107005198.jpg">http://assets.cambridge.org/97811070/05198/cover/9781107005198.jpg</a>
Holdings
Withdrawn status Lost status Source of classification or shelving scheme Damaged status Not for loan Collection code Home library Current library Shelving location Date acquired Serial Enumeration / chronology Inventory number Total Checkouts Full call number Barcode Date last seen Price effective from Koha item type
    Dewey Decimal Classification     Main TEST RTC Library RTC Library Main opac 27/11/2018 9710   333.79 JOH 30008153 16/03/2023 27/11/2018 Main
Royal Thimphu College || All Right Reserved